000
00272nam a2200121Ia 4500
008
221030s9999 xx 000 0 und d
041
_a
English
100
_a
A. K. Pujari
245
0
_a
Data Mining Techniques
_c
by A. K. Pujari
260
_c
0
650
_a
B
942
_c
BK
999
_c
16451
_d
16451